000 00504nam a2200217Ia 4500
003 OSt
005 20221005122154.0
006 a|||||r|||| 00| 0
007 ta
008 221004b |||||||| |||| 00| 0 eng d
024 _a119990
037 _cTextual
040 _aCRL
_cCRL
_beng
041 _2eng
_aeng
100 _aFiggis B N
_9631581
245 0 _aIntroduction to Ligand field
260 _c1976
650 _aSOCIOLOGY
942 _cTEXL
_2cc
999 _c1043491
_d1043491